| 000 | 00434nam a22001697a 4500 | ||
|---|---|---|---|
| 999 |
_c524102 _d524102 |
||
| 003 | NUST | ||
| 038 | _awaseem | ||
| 082 |
_a891.4398 _bHAM |
||
| 100 |
_aHameed, Rashid _914925 |
||
| 245 |
_aMukalma Numa / _cRashid Hameed |
||
| 260 |
_aLahore : _bFaroogh Adab Academy, _c1999. |
||
| 300 | _a360 p. ; | ||
| 500 | _aHardcover. | ||
| 880 |
_6100-02\r _aراشد حمید |
||
| 880 |
_6245-02\r _aمکالمہ نما / |
||
| 942 |
_2ddc _cBK |
||